| 000 | 01570cam a2200241 4500500 | ||
|---|---|---|---|
| 005 | 20260322002150.0 | ||
| 041 | _afre | ||
| 042 | _adc | ||
| 100 | 1 | 0 |
_aLaurindo da Silva, L. _eauthor |
| 245 | 0 | 0 | _aModes of Drug Use among Male Prostitutes |
| 260 | _c2006. | ||
| 500 | _a19 | ||
| 520 | _aThis article deals with the modalities of licit and illicit drug consumption among male prostitutes and the meanings attributed to them. It is an account of a research carried out with a questionnaire, among 252 prostitutes (124 transvestites and 128 hustlers), of which 30 (15 of each category) agreed to an in depth interview. According to the quantitative data, 79 % regularly consumed alcohol, 75 % tobacco, and 56 % cannabis. During the 30 days preceding the research, 14 declared to have used sleeping pills, 13 % poppers, 8 % cocaine, and 7 % ecstasy. However, the interviews showed that not all of them shared the same views on the different substances and that many different consumption logics could be detected, pointing to different perceptions according to the context in which consumption occurred and their position in regard to prostitution. | ||
| 690 | _aconsumption logics | ||
| 690 | _adistance from the job market | ||
| 690 | _adrugs | ||
| 690 | _ahustlers | ||
| 690 | _amale prostitution | ||
| 690 | _aprofessional performance | ||
| 690 | _atransvestite | ||
| 786 | 0 | _nSanté Publique | 18 | 2 | 2006-06-01 | p. 207-221 | 0995-3914 | |
| 856 | 4 | 1 | _uhttps://stm.cairn.info/journal-sante-publique-2006-2-page-207?lang=en&redirect-ssocas=7080 |
| 999 |
_c1721026 _d1721026 |
||